Diario de las cigarras : (Record no. 10804)

MARC details
000 -CABECERA
campo de control de longitud fija 01600nam a22003497a 4500
001 - NÚMERO DE CONTROL
campo de control BRCA_9185
003 - IDENTIFICADOR DEL NÚMERO DE CONTROL
campo de control FranzMayer
005 - FECHA Y HORA DE LA ÚLTIMA TRANSACCIÓN
campo de control 20220809132359.0
008 - DATOS DE LONGITUD FIJA--INFORMACIÓN GENERAL
campo de control de longitud fija 220704b |||||||| |||| 00| 0 spa d
020 ## - NÚMERO INTERNACIONAL ESTÁNDAR DEL LIBRO
Número Internacional Estándar del Libro 9686815260
040 ## - FUENTE DE LA CATALOGACIÓN
Centro/agencia transcriptor MFM
Lengua de catalogación spa
043 ## - CÓDIGO DE ÁREA GEOGRÁFICA
Código de área geográfica n-mx---
050 00 - SIGNATURA TOPOGRÁFICA DE LA BIBLIOTECA DEL CONGRESO
Número de clasificación NC976.M6
Número de documento/Ítem S23 2004
100 1# - ENTRADA PRINCIPAL--NOMBRE DE PERSONA
Nombre de persona Saborit, Antonio,
Fechas asociadas al nombre 1957-
9 (RLIN) 28404
245 10 - MENCIÓN DE TÍTULO
Título Diario de las cigarras :
Resto del título Izaguirre, Martínez Carrión y Villasana dibujan del natural /
Mención de responsabilidad, etc. Antonio Saborit.
260 ## - PUBLICACIÓN, DISTRIBUCIÓN, ETC.
Lugar de publicación, distribución, etc. México, D.F. :
Nombre del editor, distribuidor, etc. Grupo CARSO,
Fecha de publicación, distribución, etc. 2004.
300 ## - DESCRIPCIÓN FÍSICA
Extensión 221 p. :
Otras características físicas ill. ;
Dimensiones 24 x 33 cm.
500 ## - NOTA GENERAL
Nota general Ubicación: L59-N5
504 ## - NOTA DE BIBLIOGRAFÍA, ETC.
Nota de bibliografía, etc. Incluye referencias bibliográficas (p. 219-221).
520 ## - SUMARIO, ETC.
Sumario, etc. Este ejemplar tiene como principal objetivo conocer y apreciar la obra gráfica que dejaron en las páginas de "El Mundo Ilustrado" tres valiosos artistas mexicanos: José María Villasana, Jesús Martínez Carrión y Leonardo Izaguirre, donde al mismo tiempo se podrá apreciar la narración histórica de Antonio Saborit.
600 10 - PUNTO DE ACCESO ADICIONAL DE MATERIA--NOMBRE DE PERSONA
Nombre de persona Izaguirre, Leandro,
Fechas asociadas al nombre 1867-1941.
9 (RLIN) 28405
600 10 - PUNTO DE ACCESO ADICIONAL DE MATERIA--NOMBRE DE PERSONA
Nombre de persona Martínez Carrión, Jesús,
Fechas asociadas al nombre 1860-1906.
9 (RLIN) 28406
600 10 - PUNTO DE ACCESO ADICIONAL DE MATERIA--NOMBRE DE PERSONA
Nombre de persona Villasana, José María,
Fechas asociadas al nombre 1848-1904.
9 (RLIN) 28407
630 00 - PUNTO DE ACCESO ADICIONAL DE MATERIA--TÍTULO UNIFORME
Título uniforme Mundo ilustrado (Mexico City, Mexico)
9 (RLIN) 28408
650 #0 - PUNTO DE ACCESO ADICIONAL DE MATERIA--TÉRMINO DE MATERIA
Término de materia o nombre geográfico como elemento de entrada Ilustración de periódicos
Subdivisión geográfica México
Subdivisión cronológica Siglo XIX
9 (RLIN) 28409
650 #0 - PUNTO DE ACCESO ADICIONAL DE MATERIA--TÉRMINO DE MATERIA
Término de materia o nombre geográfico como elemento de entrada Ilustraciones
Subdivisión geográfica México
Subdivisión cronológica Siglo XIX
9 (RLIN) 28410
700 12 - PUNTO DE ACCESO ADICIONAL--NOMBRE DE PERSONA
Nombre de persona Izaguirre, Leandro,
Fechas asociadas al nombre 1867-1941.
9 (RLIN) 28405
700 12 - PUNTO DE ACCESO ADICIONAL--NOMBRE DE PERSONA
Nombre de persona Martínez Carrión, Jesús,
Fechas asociadas al nombre 1860-1906.
9 (RLIN) 28406
700 12 - PUNTO DE ACCESO ADICIONAL--NOMBRE DE PERSONA
Nombre de persona Villasana, José María,
Fechas asociadas al nombre 1848-1904.
9 (RLIN) 28407
942 ## - ELEMENTOS DE PUNTO DE ACCESO ADICIONAL (KOHA)
Fuente del sistema de clasificación o colocación Library of Congress Classification
Tipo de ítem Koha Libros
Holdings
Estado de retiro Estado de pérdida Fuente del sistema de clasificación o colocación Estado dañado No para préstamo Localización permanente Ubicación/localización actual Fecha de adquisición Total de préstamos Signatura topográfica completa Código de barras Fecha visto por última vez Precio válido a partir de Tipo de ítem Koha
El ejemplar forma parte de la colección y puede ser consultado según las políticas vigentes.   Library of Congress Classification     Biblioteca del Museo Franz Mayer (Rogerio Casas-Alatriste) Biblioteca del Museo Franz Mayer (Rogerio Casas-Alatriste) 04/07/2022   NC976.M6 S23 2004 CONT9958 04/07/2022 04/07/2022 Libros